| 000 | 00846cab a2200265 4500 | ||
|---|---|---|---|
| 001 | ABS59277 | ||
| 008 | 090401t1998 xxu||||| |||| 00| 0 eng d | ||
| 035 | _a(Sirsi) u88630 | ||
| 041 | _aeng | ||
| 245 | _aRegional survey: Yorkshire offices | ||
| 260 | _c1998 | ||
| 350 | _a0 | ||
| 490 |
_aProperty Week _v63(20) 11 September 1998, 42-62(7) |
||
| 520 | _aAn overview of the office market in Yorkshire looking at the impact of the financial services sector and planning policies in particular. Tables. | ||
| 650 | _aCONSTRUCTION INDUSTRY | ||
| 650 | _aFINANCIAL SERVICES | ||
| 650 | _aNORTH YORKSHIRE | ||
| 650 | _aOFFICE SECTOR | ||
| 650 | _aPLANNING POLICY | ||
| 650 | _aSOUTH YORKSHIRE | ||
| 650 | _aWEST YORKSHIRE | ||
| 690 | _aPROPERTY-COMMERCIAL PROPERTY-COMMERCIAL PROPERTY MARKET | ||
| 942 | _n0 | ||
| 948 | _c24/09/1998 | ||
| 999 |
_c56030 _d56030 |
||